[Event "Mittelfranken-ch"]
[Site "Germany"]
[Date "2003.??.??"]
[Round "5"]
[White "Lingl"]
[Black "Veselinovic, Denis"]
[Result "1/2-1/2"]
[WhiteElo "1375"]
[BlackElo "1804"]
[PlyCount "58"]
[EventDate "2003.??.??"]
[EventType "swiss"]
[EventRounds "6"]
[EventCountry "GER"]
[SourceTitle "EXT 2004"]
[Source "ChessBase"]
[SourceDate "2003.11.25"]
[SourceVersion "1"]
[SourceVersionDate "2003.11.25"]
[SourceQuality "1"]

1. e4 e5 2. Nf3 d6 3. Bc4 Be7 4. d3 h6 5. Nc3 c6 6. b4 Nf6 7. h3 Nbd7 8. a3 Qc7 9. Be3 Nf8 10. Qd2 g5 11. Bxg5 hxg5 12. Nxg5 Be6 13. Rd1 Bxc4 14. dxc4 Ne6 15. Nxe6 fxe6 16. g4 Nxg4 17. Qe2 Nxf2 18. Kxf2 Bh4+ 19. Ke3 Bg5+ 20. Kd3 0-0-0 21. Qg4 Qf7 22. Qxg5 d5 23. Qxe5 Qf3+ 24. Kd2 d4 25. Kc1 dxc3 26. Qxe6+ Kb8 27. Qe5+ Ka8 28. Rhf1 Qxh3 29. Qf6 Rde8 1/2-1/2

[Event "Mittelfranken-ch"]
[Site "Germany"]
[Date "2003.??.??"]
[Round "3"]
[White "Veselinovic, Denis"]
[Black "Friedrich"]
[Result "1/2-1/2"]
[WhiteElo "1804"]
[BlackElo "1616"]
[PlyCount "78"]
[EventDate "2003.??.??"]
[EventType "swiss"]
[EventRounds "6"]
[EventCountry "GER"]
[SourceTitle "EXT 2004"]
[Source "ChessBase"]
[SourceDate "2003.11.25"]
[SourceVersion "1"]
[SourceVersionDate "2003.11.25"]
[SourceQuality "1"]

1. f4 d5 2. Nf3 Nf6 3. e3 Nc6 4. Bb5 Bd7 5. b3 e6 6. Bb2 Bc5 7. 0-0 0-0 8. Kh1 a6 9. Bxc6 Bxc6 10. Ne5 Be8 11. Qf3 Nd7 12. a3 f6 13. Ng4 Qe7 14. d4 Bd6 15. c4 c6 16. Nc3 Bf7 17. Rfe1 f5 18. Nf2 Nf6 19. c5 Bc7 20. Qe2 Bh5 21. Qf1 Ne4 22. Ncxe4 fxe4 23. g4 Bg6 24. Nh3 h5 25. gxh5 Bxh5 26. Ng5 Rf6 27. b4 Raf8 28. Qh3 Rh6 29. Qg3 Rff6 30. Kg1 Bg6 31. Re2 Bf5 32. Kf1 Rfg6 33. h4 Bd8 34. Ke1 Qc7 35. Kf2 Rh5 36. Ree1 Rgh6 37. Rh1 Be7 38. Bc3 Bf6 39. Rab1 Rg6 1/2-1/2

[Event "Mittelfranken-ch HT 51st"]
[Site "Zirndorf"]
[Date "2002.??.??"]
[Round "8"]
[White "Haeckler, Daniel"]
[Black "Veselinovic, Denis"]
[Result "1-0"]
[WhiteElo "1884"]
[BlackElo "1810"]
[PlyCount "125"]
[EventDate "2002.03.26"]
[EventType "swiss"]
[EventRounds "9"]
[EventCountry "GER"]
[SourceTitle "EXT 2011"]
[Source "ChessBase"]
[SourceDate "2010.11.26"]
[SourceVersion "1"]
[SourceVersionDate "2010.11.26"]
[SourceQuality "1"]

1. e4 d6 2. d4 Nf6 3. Nc3 e5 4. dxe5 dxe5 5. Qxd8+ Kxd8 6. Bg5 Be6 7. 0-0-0+ Nbd7 8. g3 h6 9. Bxf6+ gxf6 10. Bh3 a6 11. f4 exf4 12. gxf4 Bd6 13. Nce2 Ke7 14. b3 Nc5 15. Bg2 Rhg8 16. Bf3 Bg4 17. Re1 Bxf3 18. Nxf3 Ne6 19. e5 fxe5 20. fxe5 Ba3+ 21. Kb1 Bc5 22. Rd1 Rgd8 23. Ng3 Ng5 24. Nh4 Ke6 25. Nhf5 h5 26. Ng7+ Kxe5 27. Rhe1+ Kf6 28. N7xh5+ Kg6 29. Nf4+ Kh6 30. Nf5+ Kh7 31. Nd5 Rh8 32. b4 Bd6 33. Rg1 Kg6 34. h4 Kxf5 35. Rxg5+ Ke6 36. Re1+ Kd7 37. h5 Rh6 38. Rf5 Rf8 39. Nf6+ Kd8 40. c3 Rfh8 41. Rh1 Be7 42. Ng4 Rb6 43. Kc2 Ke8 44. Rhf1 Rb5 45. Ne5 f6 46. Ng4 Rxh5 47. Nxf6+ Bxf6 48. Rxf6 Rh7 49. Re1+ Re7 50. Rd1 Rg5 51. Kb3 Rge5 52. Rh6 Rf7 53. Rh8+ Rf8 54. Rh7 Rf7 55. Rxf7 Kxf7 56. Rd7+ Re7 57. Rxe7+ Kxe7 58. Kc4 Ke6 59. Kc5 Ke5 60. a4 Ke4 61. c4 Kd3 62. b5 axb5 63. cxb5 1-0

[Event "Mittelfranken-ch HT 51st"]
[Site "Zirndorf"]
[Date "2002.??.??"]
[Round "4"]
[White "Thuerauf, Peter"]
[Black "Veselinovic, Denis"]
[Result "1/2-1/2"]
[WhiteElo "1926"]
[BlackElo "1810"]
[PlyCount "35"]
[EventDate "2002.03.26"]
[EventType "swiss"]
[EventRounds "9"]
[EventCountry "GER"]
[SourceTitle "EXT 2011"]
[Source "ChessBase"]
[SourceDate "2010.11.26"]
[SourceVersion "1"]
[SourceVersionDate "2010.11.26"]
[SourceQuality "1"]

1. d4 d5 2. Nf3 e6 3. c4 f5 4. Bg5 Nf6 5. e3 c6 6. Nc3 Be7 7. Bxf6 Bxf6 8. Rc1 0-0 9. Be2 Qd6 10. 0-0 b6 11. cxd5 exd5 12. a3 Be6 13. b4 Rc8 14. Na4 Nd7 15. Qc2 a5 16. bxa5 Rxa5 17. Rb1 c5 18. Bb5 1/2-1/2

[Event "Nuremberg-ch op 01st"]
[Site "Nuremberg"]
[Date "2001.06.03"]
[Round "4"]
[White "Hatala, Edward"]
[Black "Veselinovic, Denis"]
[Result "0-1"]
[WhiteElo "1550"]
[BlackElo "1754"]
[PlyCount "36"]
[EventDate "2001.06.01"]
[EventType "swiss"]
[EventRounds "5"]
[EventCountry "GER"]
[SourceTitle "EXT 2003"]
[Source "ChessBase"]
[SourceDate "2002.11.25"]
[SourceVersion "1"]
[SourceVersionDate "2002.11.25"]
[SourceQuality "1"]

1. e4 d6 2. d4 Nf6 3. Nc3 c6 4. Nf3 Bg4 5. Be3 e6 6. Be2 Be7 7. a4 0-0 8. 0-0 d5 9. e5 Nfd7 10. Bd3 c5 11. Bxh7+ Kxh7 12. Ng5+ Bxg5 13. Qxg4 Bh6 14. Bxh6 gxh6 15. Nb5 Nc6 16. c3 a6 17. Nd6 Ndxe5 18. dxe5 Nxe5 0-1

[Event "Nuremberg-ch op 01st"]
[Site "Nuremberg"]
[Date "2001.06.03"]
[Round "5"]
[White "Veselinovic, Denis"]
[Black "Bosch, Karl"]
[Result "1-0"]
[WhiteElo "1754"]
[BlackElo "2072"]
[PlyCount "47"]
[EventDate "2001.06.01"]
[EventType "swiss"]
[EventRounds "5"]
[EventCountry "GER"]
[SourceTitle "EXT 2003"]
[Source "ChessBase"]
[SourceDate "2002.11.25"]
[SourceVersion "1"]
[SourceVersionDate "2002.11.25"]
[SourceQuality "1"]

1. e4 e6 2. d3 a6 3. Nf3 d6 4. g3 Nd7 5. Bg2 Ne7 6. 0-0 g6 7. Re1 Bg7 8. c3 0-0 9. Nbd2 Rb8 10. Nf1 b5 11. a3 c5 12. Bf4 e5 13. Bg5 f6 14. Bd2 Rf7 15. h4 Nb6 16. N3h2 Be6 17. Ng4 Qf8 18. d4 f5 19. exf5 gxf5 20. dxe5 fxg4 21. exd6 Nec8 22. Rxe6 Rxf2 23. Qxg4 Nd7 24. Bh6 1-0